The Ultimate Car Logo Quiz - Statistics

General Stats
  • This quiz has been taken 414 times
  • The average score is 41 of 64
Answer Stats
Picture Answer % Correct
BMW
98%
Bentley
86%
Lexus
86%
Porsche
84%
Audi
83%
Ferrari
81%
Hyundai
81%
Mercedes
81%
Volkswagen
81%
Corvette
80%
Lamborghini
80%
Tesla
80%
Honda
79%
Alfa Romeo
77%
Jaguar
77%
Aston Martin
76%
Chevrolet
76%
Toyota
76%
Citroen
75%
Maserati
75%
Peugeot
75%
Renault
75%
Subaru
75%
Fiat
74%
Mitsubishi
74%
Skoda
74%
Opel
73%
Rolls Royce
73%
Volvo
73%
Infiniti
72%
Suzuki
72%
Mini
70%
Seat
70%
Ram
69%
Bugatti
67%
Mustang
67%
Buick
66%
Acura
65%
Lincoln
64%
Land Rover
61%
Koenigsegg
58%
Pontiac
58%
Chrysler
57%
Saab
56%
Daewoo
55%
Lotus
55%
Vauxhall
55%
Cadilac
53%
Mercury
52%
Abarth
51%
Shelby
51%
Saturn
49%
Holden
46%
Viper
45%
GMC
42%
Pagani
40%
Lancia
39%
Genesis
38%
Hellcat
34%
Demon
32%
Rimac
28%
De Tomaso
19%
SSC
18%
DeLorean Motor Company
15%
No matching quizzes found
Score Distribution
Percent of People with Each Score
Percentile by Number Answered
Your Score History
You have not taken this quiz